Solihull Metropolitan Borough Council v Hickin (Record no. 84238)

MARC details
000 -LEADER
fixed length control field 00972cad a22002055a 4500
001 - CONTROL NUMBER
control field L157018
008 - FIXED-LENGTH DATA ELEMENTS--GENERAL INFORMATION
fixed length control field 120813e2012 xxk 000 0 eng d
035 ## - SYSTEM CONTROL NUMBER
System control number (Sirsi) u157018
041 0# - LANGUAGE CODE
Language code of text/sound track or separate title eng
245 00 - TITLE STATEMENT
Title Solihull Metropolitan Borough Council v Hickin
Medium [electronic resource]
260 ## - PUBLICATION, DISTRIBUTION, ETC.
Date of publication, distribution, etc. 2012
520 ## - SUMMARY, ETC.
Summary, etc. [2012] UKSC 39, 25 July 2012. Appeal against CA [2010 EWCA Civ 868] (L151183) decision on the grounds that the common law rights of the deceased tenant's husband who had not resided in the property since 1980 were displaced by the Housing Act 1985 statutory scheme. Appeal allowed: CA decision overturned, HC decision restored.
590 ## - LOCAL NOTE (RLIN)
Local note KA
650 24 - SUBJECT ADDED ENTRY--TOPICAL TERM
Topical term or geographic name entry element SOLIHULL METROPOLITAN BOROUGH COUNCIL V HICKIN
650 24 - SUBJECT ADDED ENTRY--TOPICAL TERM
Topical term or geographic name entry element HOUSING ACT 1985 PART IV
651 #4 - SUBJECT ADDED ENTRY--GEOGRAPHIC NAME
Geographic name ENGLAND AND WALES
690 ## - LOCAL SUBJECT ADDED ENTRY--TOPICAL TERM (OCLC, RLIN)
Topical term or geographic name as entry element Landlord and tenant
9 (RLIN) 6252
856 40 - ELECTRONIC LOCATION AND ACCESS
Uniform Resource Identifier <a href="https://www.supremecourt.gov.uk/docs/UKSC_2010_0239_ps.pdf">https://www.supremecourt.gov.uk/docs/UKSC_2010_0239_ps.pdf</a>
Public note View this item free of charge at www.bailii.org
942 ## - ADDED ENTRY ELEMENTS (KOHA)
Suppress in OPAC 0
Holdings
Withdrawn status Lost status Source of classification or shelving scheme Damaged status Not for loan Home library Current library Shelving location Date acquired Total Checkouts Full call number Barcode Date last seen Copy number Price effective from Koha item type
    Dewey Decimal Classification     Virtual Virtual Online 13/08/2012   ONLINE PUBLICATION 157018-2001 06/08/2019 1 06/08/2019 Law report